00513naa a2200169 450000500170000001000170001702000110003403500170004503700240006208200080008610000190009424500860011325000110019926000410021027000650025130000270031620100831111323.0 aB-410396-436 c525.00 aB-410396-436 bDisha Publications  a530 aAgarwal, D.K. aDisha's objective physics for AIEEE and other entrance exams /cby D.K. Agarwal  a7th ed aNew DelhibDisha Publicationsc2010 aB-32, Shivalik Main Road, Malviya Nagar,bNew Delhi e110017 a1026, 8p. c31cm (pbk)